| 000 | 00780cam a22002177a 4500 | ||
|---|---|---|---|
| 020 | _a9780071748834 (alk. paper) | ||
| 020 | _a1121660118 | ||
| 020 | _a9781121660113 | ||
| 050 | 0 | 0 |
_aHD30.28 _b.T57 2012 |
| 100 | 1 | _aZacharakis, Andrew. | |
| 245 | 1 | 0 |
_aBusiness administration / _cAndrew Zacharakis, Stephen Spinelli, Jeffry A. Timmons. |
| 250 | _aCustom edition for Saint Peters College. | ||
| 260 |
_aNew York : _bMcGraw-Hill, _cc2012. |
||
| 300 | _avii, 403p. : | ||
| 500 | _aRev. ed. of: Business plans that work / Jeffry A. Timmons, Stephen Spinelli, Andrew Zacharakis. c2004. | ||
| 650 |
_xSmall business ; _xBusiness planning ; _xEntrepreneurship. |
||
| 700 | 1 | _aSpinelli, Stephen, | |
| 700 | 1 | _aTimmons, Jeffry A. | |
| 700 | 1 | _aTimmons, Jeffry A. | |
| 942 |
_2lcc _cGEN |
||
| 999 |
_c9125 _d9125 |
||